[Event "It"]
[Site "Budapest HUN"]
[Date "2003.04.11"]
[Round "1"]
[White "Movsesian,S"]
[Black "Acs,P"]
[Result "1/2-1/2"]
[WhiteElo "2659"]
[BlackElo "2600"]

1.e4 e5 2.Nf3 Nc6 3.d4 exd4 4.Nxd4 Bc5 5.Be3 Qf6 6.c3 Nge7 7.Bc4 Ne5 8.Be2 d6
9.O-O Qg6 10.f3 O-O 11.Nd2 d5 12.Kh1 dxe4 13.fxe4 Bg4 14.Bf4 Bxe2 15.Qxe2 Bd6
16.Nb5 N7c6 17.Nxd6 cxd6 18.Bg3 Rfe8 19.Rad1 Rad8 20.c4 Nd7 21.Rf4 Nc5 22.Bh4 Rd7
23.Rdf1 Ne6 24.Rg4 Qh5 25.h3 Ne5 26.Rf5 Qh6 27.Bg5 Nxg5 28.Rgxg5 g6 29.Rg3 Rc7
30.Rf2 Rec8 31.b3 b5 32.Rc3 Qg7 33.Rc1 bxc4 34.bxc4 Qh6 35.Rff1 Qh4 36.Rc3 Qe7
37.Rfc1 Qe6 38.Qe3 Nd7 39.Qd4 Nc5 40.Rb1 Re8 41.Re3 Qe5 42.Qxe5 Rxe5 43.Rb8+ Kg7
44.Rd8 Re6 45.Ra3 Rb7 46.Nb3 Nxe4 47.Ra8 Ree7 48.Kh2 Rbc7 49.Ra6 h5 50.Na5 h4
51.Nc6 Red7 52.R6xa7 Ng3 53.Kg1 Ne4 54.a4 Nc5 55.Rxc7 Rxc7 56.Nd4 Ne4 57.Re8 d5
58.Nf3 Rxc4 59.Rd8 Rxa4 60.Nxh4 Ra1+ 61.Kh2 Rd1 62.Nf3 g5 63.g4 Kf6 64.Kg2 Ke6
65.Re8+ Kd6 66.Rd8+ Kc5 67.Rc8+ Kb4 68.h4 gxh4 69.Nxh4 d4 70.Nf3 d3 71.Rb8+ Kc5
72.Rc8+ Kd5 73.Rd8+ Nd6 74.Kf2 Kc5 75.g5 Rh1 76.Ke3 Rh3 77.Kf4 Kd5 78.Ra8 Rh1  1/2-1/2

[Event "It"]
[Site "Budapest HUN"]
[Date "2003.04.12"]
[Round "2"]
[White "Almasi,Z"]
[Black "Korchnoi,V"]
[Result "1/2-1/2"]
[WhiteElo "2676"]
[BlackElo "2632"]

1.e4 e5 2.Nf3 Nc6 3.Bb5 a6 4.Ba4 Nf6 5.O-O Nxe4 6.d4 b5 7.Bb3 d5 8.dxe5 Be6
9.Nbd2 Nc5 10.c3 g6 11.Bc2 Bg7 12.Re1 Nd7 13.Nd4 Nxd4 14.cxd4 c5 15.Nf3 Bg4
16.Bb3 c4 17.Bc2 O-O 18.h3 Bxf3 19.Qxf3 Nb8 20.Be3 Nc6 21.Qg3 f6 22.f4 Nb4
23.Bb1 fxe5 24.fxe5 Qc7 25.a3 Nc6 26.Bc2 b4 27.axb4 Nxb4 28.Bb1  1/2-1/2

[Event "It"]
[Site "Budapest HUN"]
[Date "2003.04.12"]
[Round "2"]
[White "Lutz,C"]
[Black "Gelfand,B"]
[Result "1/2-1/2"]
[WhiteElo "2640"]
[BlackElo "2700"]

1.e4 c5 2.Nf3 d6 3.d4 cxd4 4.Nxd4 Nf6 5.Nc3 a6 6.Be3 e6 7.f3 b5 8.g4 Nfd7
9.Qd2 Nb6 10.O-O-O N8d7 11.Ndxb5 axb5 12.Nxb5 Ba6 13.Nxd6+ Bxd6 14.Qxd6 Nc4
15.Bxc4 Bxc4 16.a3 Be2 17.Rd2 Bxf3 18.Rf1 Bxe4 19.Bg5 f6 20.Qxe6+ Qe7 21.Qxe7+ Kxe7
22.Re2 Nc5 23.Bd2 Rhe8 24.Rfe1 Kd6 25.b4 Rxa3 26.bxc5+ Kd5 27.Bb4 Ra1+ 28.Kb2  1/2-1/2

[Event "It"]
[Site "Budapest HUN"]
[Date "2003.04.13"]
[Round "3"]
[White "Short,N"]
[Black "Movsesian,S"]
[Result "1/2-1/2"]
[WhiteElo "2686"]
[BlackElo "2659"]

1.e4 c5 2.Nf3 d6 3.d4 cxd4 4.Nxd4 Nf6 5.Nc3 e6 6.g4 h6 7.h4 Nc6 8.Rg1 d5
9.exd5 Nxd5 10.Nxd5 exd5 11.Be3 Be7 12.g5 hxg5 13.hxg5 Rh4 14.Qd2 Nxd4 15.Bxd4 Kf8
16.O-O-O Bg4 17.Bxg7+ Kxg7 18.Qd4+ Kf8 19.Rxg4 Bxg5+ 20.Kb1 Bf6 21.Qb4+ Be7
22.Qf4 Rxg4 23.Qxg4 Qb6 24.Qf4 Rd8 25.Bh3 Qf6 26.Qxf6 Bxf6 27.Bg2 b5 28.Bxd5 b4
29.a3 bxa3 30.bxa3 a5 31.Ka2 Rb8 32.Rb1 Rxb1 33.Kxb1 Bd4 34.f3 Ke7 35.Ka2 f6
36.Kb3 Kd6 37.Kc4 Bb2 38.a4 Kc7 39.Kb5 Bc3 40.f4 Bd2 41.c4 Bc3 42.c5 Bd2
43.f5 Bc3 44.Ba8 Be1 45.Bh1  1/2-1/2

[Event "It"]
[Site "Budapest HUN"]
[Date "2003.04.13"]
[Round "3"]
[White "Berkes,F"]
[Black "Acs,P"]
[Result "1/2-1/2"]
[WhiteElo "2578"]
[BlackElo "2600"]

1.c4 e5 2.Nc3 Nf6 3.Nf3 Nc6 4.g3 g6 5.Bg2 Bg7 6.O-O O-O 7.d3 d6 8.Rb1 a5
9.Bg5 h6 10.Bxf6 Bxf6 11.a3 Bg7 12.b4 axb4 13.axb4 Ne7 14.Nd2 e4 15.d4 Bxd4
16.Ndxe4 Bg7 17.Nd5 Nxd5 18.Qxd5 Rb8 19.Rfd1 Bf5 20.c5 dxc5 21.bxc5 Qxd5
22.Rxd5 Rfe8 23.Rb4 Bxe4 24.Bxe4 c6 25.Rd7 Bf8 26.Bf3 Re7 27.Rxe7 Bxe7 28.Bxc6 Bxc5
29.Rxb7 Rxb7 30.Bxb7  1/2-1/2

[Event "It"]
[Site "Budapest HUN"]
[Date "2003.04.13"]
[Round "3"]
[White "Korchnoi,V"]
[Black "Lutz,C"]
[Result "1/2-1/2"]
[WhiteElo "2632"]
[BlackElo "2640"]

1.d4 Nf6 2.c4 e6 3.Nf3 b6 4.Nc3 Bb4 5.Qb3 c5 6.a3 Ba5 7.e3 O-O 8.Be2 Ne4
9.O-O Bxc3 10.bxc3 Nc6 11.Ne5 Nxe5 12.dxe5 f5 13.exf6 Qxf6 14.Qc2 Nd6 15.Qd3 Nf7
16.f4 Ba6 17.Qxd7 Rfd8 18.Qa4 Qxc3 19.Ra2 Bb7 20.Qc2 Qxc2 21.Rxc2 Bc6 22.Rd2 Kf8
23.Rfd1 Ba4 24.Rxd8+ Rxd8 25.Rxd8+ Nxd8 26.Bd3 g6 27.Kf2 Nb7 28.Ke2 Nd6 29.Kd2 Bc6
30.g3 a6 31.Bb2 b5 32.Be5  1/2-1/2

[Event "It"]
[Site "Budapest HUN"]
[Date "2003.04.14"]
[Round "4"]
[White "Leko,P"]
[Black "Korchnoi,V"]
[Result "1/2-1/2"]
[WhiteElo "2746"]
[BlackElo "2632"]

1.e4 e5 2.Nf3 Nc6 3.Bb5 a6 4.Ba4 Nf6 5.O-O Be7 6.Re1 b5 7.Bb3 d6 8.c3 O-O
9.h3 Na5 10.Bc2 c5 11.d4 Qc7 12.Nbd2 cxd4 13.cxd4 Bd7 14.Nf1 Rac8 15.Re2 Rfe8
16.Ng3 Bd8 17.b3 Nc6 18.Ba3 Qb8 19.Rd2 exd4 20.Nxd4 Nxd4 21.Rxd4 d5 22.exd5 Bb6
23.Rd3 Nxd5 24.Ne4 Bf5 25.Rxd5 Bxe4 26.Bxe4 Rxe4 27.Bd6 Qa7 28.Bg3 Rce8 29.Qf3 h6
30.Rad1 R4e7 31.h4 Bc7 32.Bxc7 Qxc7 33.g3 Qc6 34.Kg2 Re6 35.Rd8 Qxf3+ 36.Kxf3 Kf8
37.R1d6 Rxd8 38.Rxd8+ Ke7 39.Ra8 h5 40.Ra7+ Kf6 41.Kf4 g6 42.f3 Kg7 43.g4 hxg4
44.fxg4 Kf6 45.Ra8 Kg7 46.Ra7 Kf6 47.Rb7 Kg7  1/2-1/2

[Event "It"]
[Site "Budapest HUN"]
[Date "2003.04.14"]
[Round "4"]
[White "Acs,P"]
[Black "Almasi,Z"]
[Result "1/2-1/2"]
[WhiteElo "2600"]
[BlackElo "2676"]

1.e4 c5 2.Nf3 Nc6 3.d4 cxd4 4.Nxd4 e6 5.Nb5 d6 6.c4 Nf6 7.N1c3 a6 8.Na3 Be7
9.Be2 O-O 10.O-O b6 11.Be3 Bb7 12.f3 Ne5 13.Qe1 Qc7 14.Rc1 Rac8 15.Qf2 Ned7
16.Rfd1 Qb8 17.Kh1 Rfe8 18.Na4 d5 19.exd5 exd5 20.Nxb6 Nxb6 21.Bxb6 Bd6 22.Ba7 Rxe2
23.Bxb8 Rxf2 24.Bxd6 Rxb2 25.Rb1 Rxb1 26.Rxb1 Ne8  1/2-1/2

[Event "It"]
[Site "Budapest HUN"]
[Date "2003.04.15"]
[Round "5"]
[White "Korchnoi,V"]
[Black "Movsesian,S"]
[Result "1/2-1/2"]
[WhiteElo "2632"]
[BlackElo "2659"]

1.d4 d5 2.c4 c6 3.Nf3 Nf6 4.Nc3 a6 5.Qb3 dxc4 6.Qxc4 b5 7.Qd3 e6 8.e4 c5
9.e5 cxd4 10.Nxb5 axb5 11.exf6 Nc6 12.Qe4 Bd7 13.Bd2 gxf6 14.Bxb5 f5 15.Qf4 Rg8
16.h3 Rxg2 17.Rc1 Rc8 18.a4 Rg6 19.Kd1 Bh6 20.Qd6 Bf8 21.Qf4 Bh6 22.Qd6 Bf8  1/2-1/2

[Event "It"]
[Site "Budapest HUN"]
[Date "2003.04.17"]
[Round "6"]
[White "Acs,P"]
[Black "Lutz,C"]
[Result "1-0"]
[WhiteElo "2600"]
[BlackElo "2640"]

1.e4 c5 2.Nf3 d6 3.d4 cxd4 4.Nxd4 Nf6 5.Nc3 a6 6.Be3 e5 7.Nb3 Be6 8.Qd2 Nbd7
9.f3 b5 10.O-O-O Nb6 11.Qf2 Nc4 12.Bxc4 bxc4 13.Nc5 Qc7 14.Nxe6 fxe6 15.Qg3 Rb8
16.Qh3 Qc8 17.Bg5 Be7 18.Kb1 O-O 19.Ka1 Rd8 20.Rhe1 Kh8 21.g3 Qb7 22.Rb1 Qd7
23.f4 exf4 24.gxf4 d5 25.exd5 exd5 26.Qe6 d4 27.Qxe7 Qxe7 28.Rxe7 dxc3 29.Bxf6 gxf6
30.bxc3 Rxb1+ 31.Kxb1 Rd2 32.Re4 Rxh2 33.Rxc4 h5 34.Rd4 h4 35.c4 h3 36.Rd3 Kg7
37.Kb2 Rh1 38.Kc3 h2 39.Rd2 Kf7 40.c5 Ke7 41.c6 Rb1 42.Rxh2 Rb6 43.Rh7+ Ke6
44.c7 Rc6+ 45.Kd3 Rd6+ 46.Ke4 Rc6 47.f5+ Kd6 48.Kd3  1-0

[Event "It"]
[Site "Budapest HUN"]
[Date "2003.04.18"]
[Round "7"]
[White "Gelfand,B"]
[Black "Acs,P"]
[Result "1-0"]
[WhiteElo "2700"]
[BlackElo "2600"]

1.d4 d5 2.c4 c6 3.Nc3 Nf6 4.e3 a6 5.Nf3 b5 6.b3 Bg4 7.Be2 Nbd7 8.O-O e6 9.h3 Bf5
10.Bd3 Bb4 11.Bb2 Bxd3 12.Qxd3 O-O 13.Rfc1 Bd6 14.Rc2 Rc8 15.Rac1 dxc4 16.bxc4 b4
17.Ne4 Nxe4 18.Qxe4 Qa5 19.Nd2 Qh5 20.c5 Bc7 21.Qd3 a5 22.Qa6 f5 23.Nc4 Nb8
24.Qb7 f4 25.exf4 Bxf4 26.Re1 Bc7 27.d5 exd5 28.Nd6 Qg6 29.Re7  1-0

[Event "It"]
[Site "Budapest HUN"]
[Date "2003.04.18"]
[Round "7"]
[White "Korchnoi,V"]
[Black "Short,N"]
[Result "1/2-1/2"]
[WhiteElo "2632"]
[BlackElo "2686"]

1.c4 e5 2.Nc3 Nc6 3.Nf3 Nf6 4.e4 Bb4 5.d3 d6 6.Be2 h6 7.O-O a5 8.Be3 O-O
9.a3 Bxc3 10.bxc3 Ng4 11.Bc1 f5 12.Ne1 Nf6 13.exf5 Bxf5 14.Nc2 Qd7 15.Ne3 Bg6
16.a4 Rae8 17.Qb3 b6 18.Qb5 Rf7 19.Bb2 Bh5 20.Rae1 Bxe2 21.Rxe2 Nd8 22.Qxd7 Rxd7
23.Nd5 Ne6 24.Nxf6+ gxf6 25.d4 Kf7 26.Rfe1 Rde7 27.Re3 h5 28.Kf1 Rg8 29.Ba3 Ree8
30.dxe5 fxe5 31.Rf3+ Kg6 32.Re4 Ref8 33.Rg3+ Kh7 34.Rh4 Rf5 35.Rxg8 Kxg8
36.f3 Kf7 37.Kf2 Nf8 38.Bc1  1/2-1/2

[Event "It"]
[Site "Budapest HUN"]
[Date "2003.04.18"]
[Round "7"]
[White "Lutz,C"]
[Black "Leko,P"]
[Result "1/2-1/2"]
[WhiteElo "2640"]
[BlackElo "2746"]

1.e4 c5 2.Nf3 Nc6 3.Bb5 g6 4.Bxc6 dxc6 5.d3 Bg7 6.h3 Nf6 7.Nc3 O-O 8.O-O Nd7
9.Be3 e5 10.Qd2 Re8 11.Nh2 b6 12.Bh6 Bh8 13.Ng4 Nf6 14.Nxf6+ Qxf6 15.a4 Qd6
16.a5 Be6 17.b3 Bg7 18.Bxg7 Kxg7 19.Ne2 f6 20.axb6 axb6 21.Qc3 Bf7 22.Rxa8 Rxa8
23.Ra1 Qb8 24.Rxa8 Qxa8 25.f4 exf4 26.Nxf4 Qb8 27.Ne2  1/2-1/2

[Event "It"]
[Site "Budapest HUN"]
[Date "2003.04.19"]
[Round "8"]
[White "Acs,P"]
[Black "Leko,P"]
[Result "1-0"]
[WhiteElo "2600"]
[BlackElo "2746"]

1.e4 c5 2.Nf3 Nc6 3.d4 cxd4 4.Nxd4 Nf6 5.Nc3 e5 6.Ndb5 d6 7.Bg5 a6 8.Na3 b5
9.Bxf6 gxf6 10.Nd5 f5 11.Bd3 Be6 12.Qh5 Rg8 13.g3 Rg5 14.Qd1 Bxd5 15.exd5 Ne7
16.c3 Bh6 17.Be2 Qb6 18.Nc2 Kf8 19.a4 bxa4 20.Nb4 f4 21.Qxa4 f3 22.Bd3 Rg4
23.O-O f5 24.Qd7 Rxb4 25.cxb4 e4 26.Bb5 Rb8 27.Bc6 Qxb4 28.Ra4 Qxb2 29.Qxd6 Be3
30.h4 Ba7 31.Rxa6 Qe2 32.Raa1 e3 33.Qf6+ Kg8 34.Bd7 exf2+ 35.Kh2 Rb6 36.Be6+ Rxe6
37.dxe6  1-0

[Event "It"]
[Site "Budapest HUN"]
[Date "2003.04.20"]
[Round "9"]
[White "Lutz,C"]
[Black "Berkes,F"]
[Result "1-0"]
[WhiteElo "2640"]
[BlackElo "2578"]

1.e4 c5 2.Nf3 d6 3.d4 cxd4 4.Nxd4 Nf6 5.Nc3 a6 6.Be3 e6 7.f3 b5 8.g4 b4 9.Nce2 h6
10.c4 bxc3 11.Nxc3 e5 12.Nb3 Be6 13.Qd2 Nbd7 14.h4 Nb6 15.O-O-O Nfd7 16.Kb1 a5
17.Nd5 a4 18.Nxb6 axb3 19.Nxa8 bxa2+ 20.Ka1 Qxa8 21.Rc1 Be7 22.Bc4 O-O 23.g5 Bxc4
24.Rxc4 h5 25.Rc7  1-0

[Event "It"]
[Site "Budapest HUN"]
[Date "2003.04.20"]
[Round "9"]
[White "Korchnoi,V"]
[Black "Acs,P"]
[Result "1/2-1/2"]
[WhiteElo "2632"]
[BlackElo "2600"]

1.d4 d5 2.c4 c6 3.Nf3 Nf6 4.e3 Bg4 5.Qb3 Qb6 6.Ne5 Bf5 7.cxd5 Qxb3 8.axb3 Nxd5
9.Na3 f6 10.Nd3 Na6 11.Bd2 e6 12.f3 Bg6 13.Nc2 Bxd3 14.Bxd3 Nab4 15.Ke2 Nxd3
16.Kxd3 Bd6 17.Na3 O-O-O 18.Nc4 a6 19.Rad1 Bc7 20.Ke2 h5 21.Kf2 f5 22.h4 Rhg8
23.Ne5 c5 24.Rc1 cxd4 25.exd4 Kb8 26.Rhe1 Bb6 27.Rc4 Nc7 28.Be3 Nb5 29.Nf7 Rdf8
30.Ng5 f4 31.Bd2 Nxd4 32.Kf1 Rf6 33.Bc3 e5 34.Rxe5 Nf5 35.Ne6 Ne3+ 36.Rxe3 fxe3
37.Bxf6 gxf6 38.Rc2 Re8 39.Nf4 Re5 40.b4 Rb5 41.Nd3 Rd5 42.Ke2 Rd4 43.g3 f5
44.b3 Ka7 45.b5 a5 46.Ra2 Rd5 47.b4 Rxb5 48.bxa5 Bc7 49.Kxe3 Bxg3 50.Ra4 Bc7
51.Nf4 Rb3+ 52.Ke2 Bxf4 53.Rxf4 Rb5 54.Rd4 Rxa5 55.Rd7 Ka6 56.Rh7 f4 57.Kd3 Re5
58.Kd4 Re3 59.Rxh5 Rxf3 60.Ke4 Rf1 61.Rf5  1/2-1/2